Villains from the X-Men Universes - Statistics

General Stats
  • This quiz has been taken 18 times
  • The average score is 8 of 16
Answer Stats
Picture Answer % Correct
Juggernaut
100%
Magneto
100%
Cable
93%
Psylocke
93%
Apocalypse
86%
Silver Samurai
64%
Bolivar Trask
57%
Viper
57%
Tempest
43%
Ajax
29%
Dr. Shaw
29%
Quill
29%
Agent Zero
21%
Jason Stryker
21%
Arclight
14%
Donald Pierce
7%
No matching quizzes found
Score Distribution
Percent of People with Each Score
Percentile by Number Answered
Your Score History
You have not taken this quiz